[Event "San Francisco TNM Marathon op"]
[Site "San Francisco"]
[Date "2012.09.18"]
[Round "8"]
[White "Harris, Clarence"]
[Black "Frazee, David"]
[Result "1/2-1/2"]
[WhiteElo "1346"]
[BlackElo "1409"]
[PlyCount "63"]
[EventDate "2012.07.31"]
[EventType "swiss"]
[EventRounds "9"]
[EventCountry "USA"]
[SourceTitle "EXT 2014"]
[Source "ChessBase"]
[SourceDate "2013.11.20"]
[SourceVersion "1"]
[SourceVersionDate "2013.11.20"]
[SourceQuality "1"]

1. e4 e6 2. d3 d5 3. Nd2 c5 4. Ngf3 Nc6 5. g3 Nf6 6. Bg2 Be7 7. 0-0 0-0 8. Re1 Qc7 9. e5 Nd7 10. Qe2 h6 11. h4 f6 12. exf6 Nxf6 13. Nf1 Bd7 14. Bh3 Nd8 15. Ne5 Bc8 16. Nh2 Bd6 17. Nhf3 Nd7 18. Bf4 Nxe5 19. Nxe5 Bxe5 20. Bxe5 Qf7 21. Rf1 b6 22. Rfe1 Nc6 23. c3 Bd7 24. Bf4 Rfe8 25. Be5 Nxe5 26. Qxe5 Re7 27. f4 Rae8 28. Bg4 Qg6 29. Qe2 Qf6 30. Qe5 Qg6 31. Qe2 Qf6 32. Qe5 1/2-1/2